Rozhodovanie vodcu pri tvorbe a riadení pracovného tímu
Úloha vodcu pri tvorbe a riadení tímu. Dominantná rola manažéra - tímového vedúceho. Faktory, ktoré vplývajú na proces tvorby a rozvoja pracovných tímov. Organizačné a aplikačné schopnosti vodcu. Požiadavky na členov tímu.
Salvato in:
| Autore principale: | |
|---|---|
| Natura: | Capitolo di libro |
| Lingua: | slovacco |
| Soggetti: | |
| Tags: |
Nessun Tag, puoi essere il primo ad aggiungerne!!
|
MARC
| LEADER | 00000nla$a2200000$$$4500 | ||
|---|---|---|---|
| 001 | 0135800 | ||
| 005 | 20240502072524.7 | ||
| 041 | 0 | |a slo | |
| 044 | |a SK | ||
| 245 | 1 | 0 | |a Rozhodovanie vodcu pri tvorbe a riadení pracovného tímu |c Katarína Remeňová |
| 520 | |a Úloha vodcu pri tvorbe a riadení tímu. Dominantná rola manažéra - tímového vedúceho. Faktory, ktoré vplývajú na proces tvorby a rozvoja pracovných tímov. Organizačné a aplikačné schopnosti vodcu. Požiadavky na členov tímu. | ||
| 610 | 2 | 0 | |a manažéri |
| 610 | 2 | 0 | |a lídri |
| 610 | 2 | 0 | |a vodcovstvo |
| 610 | 2 | 0 | |a rozhodovanie manažérske |
| 610 | 2 | 0 | |a vedenie ľudí |
| 610 | 2 | 0 | |a technika riadenia |
| 610 | 2 | 0 | |a teória vedenia |
| 610 | 2 | 0 | |a štýl vedenia |
| 610 | 2 | 0 | |a tímy pracovné |
| 610 | 2 | 0 | |a kolektív pracovný |
| 100 | 1 | |a Remeňová, Katarína, 1982- | |